<?xml version="1.0" encoding="UTF-8"?>
<record
    xmlns:xsi="http://www.w3.org/2001/XMLSchema-instance"
    xsi:schemaLocation="http://www.loc.gov/MARC21/slim http://www.loc.gov/standards/marcxml/schema/MARC21slim.xsd"
    xmlns="http://www.loc.gov/MARC21/slim">

  <leader>01021nam a2200121Ia 4500</leader>
  <controlfield tag="008">180225s1989    CNT           000 0 und d</controlfield>
  <datafield tag="245" ind1="1" ind2="0">
    <subfield code="a">Divisions and Authority Claims in Babism (1850-1866)</subfield>
  </datafield>
  <datafield tag="520" ind1="3" ind2=" ">
    <subfield code="a">This is a continuation of the author's "Hierarchy, Authority, and Eschatology in Early B&#xE1;b&#xED; Thought", in In Iran (Studies in B&#xE1;b&#xED; and Bah&#xE1;'&#xED; History ; v.3).  MacEoin deals with the succession to the B&#xE1;b, the claims by individuals to theophanic status in the period immediately following the B&#xE1;b's execution, and the growing ascendancy and claims of Bah&#xE1;'u'll&#xE1;h.  MacEoin concludes that the B&#xE1;b fully intended M&#xED;rz&#xE1; Yahy&#xE1; Subh-i-Azal to be his successor, that he did not predict a succeeding Manifestation to arise for several centuries, and that Bah&#xE1;'u'll&#xE1;h's claims represent an extreme form of Shi'i and B&#xE1;b&#xED; theophany.</subfield>
  </datafield>
  <datafield tag="690" ind1=" " ind2=" ">
    <subfield code="a">BABISM</subfield>
  </datafield>
  <datafield tag="700" ind1="1" ind2=" ">
    <subfield code="a">MacEoin, Denis</subfield>
  </datafield>
  <datafield tag="773" ind1=" " ind2=" ">
    <subfield code="t">Studia Iranica (Paris)</subfield>
    <subfield code="g">18, 93-129</subfield>
  </datafield>
  <datafield tag="856" ind1="4" ind2="1">
    <subfield code="3">PDF</subfield>
    <subfield code="a">internal-pdf://1422943099/maceoin_authority_claims_babism.pdf</subfield>
  </datafield>
  <datafield tag="999" ind1=" " ind2=" ">
    <subfield code="c">23759</subfield>
    <subfield code="d">23759</subfield>
  </datafield>
</record>
